000 01292camaa2200397Mu 4500
001 93441
005 20230410132922.0
008 920725s19779999sp 000 0 spa d
035 _a(OCoLC)ocn431832141
040 _aBNM
_erdc
_bspa
_cBNM
_dESUDE
016 7 _abimoBNE19982362306
_2SpMaBN
017 _aM 34285-1978
020 _a8424935179
020 _a9788424935177
035 _a(OCoLC)431832141
041 1 _aspa
_hgrc
050 1 4 _aB 171
_bB582 1977
049 _aGRAL
100 0 _aHesíodo.
130 1 _aBiblioteca Clásica Gredos.
245 1 0 _aObras y fragmentos /
_cHesiodo ; introducción, traducción y notas de Aurelio Pérez Jiménez y Alfonso Martínez Díez ; [traducción revisada por Luis Alberto de Cuenca y Prado].
260 _aMadrid :
_bGredos,
_c1977
300 _a439 p.
_c20 cm.
440 0 _aBiblioteca clásica Gredos
_vn.13
500 _aíndice.
505 0 _aTeogonia ; Trabajos y días ; Escudo ; Fragmentos ; Certamen
650 0 _aPhilosophy, Classical.
650 0 _aPhilosophy, Ancient.
650 0 _aPhilosophers, Ancient
_xBiography
700 1 _aPérez Jiménez, Aurelio.
700 1 _aMartínez Díez, Alfonso.
700 1 _aCuenca, Luis Alberto de
_d1950-
942 _2lcc
_cbk
946 _amjcruz
994 _aC0
_bDRFGD
999 _c90177
_d90177